| 000 | 00990cam a22002894a 4500 | ||
|---|---|---|---|
| 001 | 11973887 | ||
| 003 | OSt | ||
| 005 | 20160505193035.0 | ||
| 008 | 000413s2000 enka b 001 0 eng | ||
| 010 | _a 00039829 | ||
| 020 | _a1859962890 | ||
| 040 |
_aDLC _cDLC _dDLC |
||
| 042 | _apcc | ||
| 050 | 0 | 0 |
_aQD153.5 _b.C69 2000 |
| 082 | 0 | 0 |
_a546 _221 _bCOX 2004 |
| 100 | 1 |
_aCox, P. A. _98513 |
|
| 245 | 1 | 0 |
_aInorganic chemistry / _cP.A. Cox. |
| 250 | _a2nd.ed | ||
| 260 |
_aOxford : _aNew York : _bSpringer _c2004. |
||
| 300 |
_avi, 261 p. : _bill. ; _c25 cm. |
||
| 440 | 4 |
_aThe instant notes series _98514 |
|
| 504 | _aIncludes bibliographical references (p. [257]-258) and index. | ||
| 650 | 0 |
_aChemistry, Inorganic _vOutlines, syllabi, etc. _98515 |
|
| 906 |
_a7 _bcbc _corignew _d1 _eocip _f20 _gy-gencatlg |
||
| 942 |
_2ddc _cSLOAN |
||
| 999 |
_c3879 _d3879 |
||